Statistics for Random cities II

Click here to take the quiz!

General Stats

  • This quiz has been taken 50 times
    (22 since last reset)
  • The average score is 11 of 15

Answer Stats

HintAnswer% Correct
Given Back To China in 1997Hong Kong
95%
Holy City of IslamMecca
95%
London
95%
Edinburgh
90%
Where the Taj Mahal is locatedAgra
80%
United kingdom "capitals" (please no rants in the comments)Belfast
80%
Cardiff
80%
Where the Declaration of Independence was signedPhiladelphia
75%
Where the Burj Khalifa is locatedDubai
70%
Major City near the Mekong DeltaHo Chi Minh City
70%
Puget Sound CitySeattle
70%
Costa Rica capital and 10th largest U.S. citySan Jose
60%
"Twin City" of MinneapolisSt Paul
55%
Capital City on Lake VictoriaKampala
50%
2nd largest city in CroatiaSplit
40%

Score Distribution

Percentile by Number Answered

Percent of People with Each Score

Your Score History

You have not taken this quiz since the last reset